Music Quiz

Random Music or Artist Quiz

Five Album Frenzy Quiz Stats

 Plays Quiz Updated Jul 2, 2014

Challenge
Share
Tweet
Embed
Score 0/30 Timer 05:00
3 Plays Today
Album Titles Artist % Correct
'Please Please Me' / 'Abbey Road' / 'Revolver' / 'Rubber Soul' / 'Sgt. Pepper's Lonely Hearts Club Band'The Beatles
94.4%
'Ray of Light' / 'The Immaculate Collection' / 'Music' / 'Like a Virgin' / 'Like a Prayer'Madonna
93.2%
'Circus' / 'Oops!... I Did it Again' / 'In the Zone' / '...Baby One More Time' / 'Femme Fatale'Britney Spears
92.6%
'The Marshall Mathers LP' / 'Recovery' / 'Encore' / 'The Slim Shady LP' / 'Relapse'Eminem
90.2%
'Darkness on the Edge of Town' / 'Born to Run' / 'The Wild, the Innocent and the E-Street Shuffle' / 'Nebraska' / 'Born in the U.S.A.'Bruce Springsteen
89.7%
'The Wall' / 'The Piper at the Gates of Dawn' / 'Wish You Were Here' / 'The Dark Side of the Moon' / 'Atom Heart Mother'Pink Floyd
89.4%
'21st Century Breakdown' / 'Insomniac' / 'Dookie' / 'American Idiot' / 'Warning'Green Day
89.3%
'1999' / 'Purple Rain' / 'Dirty Mind' / 'Sign o' the Times' / 'Around the World in a Day' Prince
89.2%
'American Recordings' / 'At Folsom Prison' / 'American IV: The Man Comes Around' / 'Man in Black' / 'I Walk the Line'Johnny Cash
87.3%
'By the Way' / 'Californication' / 'One Hot Minute' / 'Stadium Arcadium' / 'Blood Sugar Sex Magik'Red Hot Chili Peppers
86.9%
'X&Y' / 'Parachutes' / 'Viva la Vida or Death and All His Friends' / 'Mylo Xyloto' / 'A Rush of Blood to the Head'Coldplay
80%
'Bookends' / 'Bridge Over Troubled Waters' / 'Parsley, Sage, Rosemary and Thyme' / 'Sounds of Silence' / 'Wednesday Morning, 3a.m.'Simon and Garfunkel
79.7%
'Appetite For Destruction' / 'Use Your Illusion' / 'G N' R Lies' / ''The Spaghetti Incident?'' / 'Use Your Illusion II'Guns N' Roses
78.6%
'Station to Station' / 'Hunky Dory' / 'Low' / 'The Rise and Fall of Ziggy Stardust and the Spiders from Mars' / 'Aladdin Sane'David Bowie
75.2%
'Sandinista!' / 'Cut the Crap' / 'Combat Rock' / 'London Calling' / 'Give 'Em Enough Rope'The Clash
71.3%
Album Titles Artist % Correct
'Here, My Dear' / 'Let's Get it On' / 'What's Going On' / 'Midnight Love' / 'I Want You'Marvin Gaye
69%
'...And Justice For All' / 'Load' / 'Master of Puppets' / 'ReLoad' / 'St. Anger' Metallica
66.4%
'The Bends' / 'Kid A' / 'In Rainbows' / 'Amnesiac' / 'OK Computer'Radiohead
61.7%
'Standing on the Shoulders of Giants' / '(What's the Story) Morning Glory?' / 'Definitely Maybe' / 'Be Here Now' / 'Heathen Chemistry'Oasis
61.5%
'Sticky Fingers' / 'Beggars Banquet' / 'Let it Bleed' / 'Aftermath' / 'Exile on Main Street'The Rolling Stones
59.7%
'Monkey Business' / 'The Beginning' / 'Bridging the Gap' / 'Elephunk' / 'The E.N.D.'The Black Eyed Peas
56.1%
'Houses of the Holy' / 'Presence' / 'Coda' / 'In Through the Out Door' / 'Physical Graffiti'Led Zeppelin
54.6%
'Late Registration' / 'My Beautiful Dark Twisted Fantasy' / 'The College Dropout' / 'Graduation' / '808s and Heartbreak'Kanye West
52.9%
'Blonde on Blonde' / 'Desire' / 'Blood on the Tracks' / 'Highway 61 Revisited' / 'Bringing it All Back Home'Bob Dylan
51.2%
'A Night at the Opera' / 'The Game' / 'A Day at the Races' / 'Jazz' / 'The Miracle'Queen
50.3%
'The Blueprint 3' / 'Reasonable Doubt' / 'Kingdom Come' / 'The Blueprint' / 'The Black Album'Jay-Z
49.3%
'Lady Soul' / 'Let Me In Your Life' / 'I Never Loved a Man the Way I Loved You' / 'Who's Zoomin' Who?' / 'Young, Gifted and Black'Aretha Franklin
37%
'Wasting Light' / 'In Your Honor' / 'The Colour and the Shape' / 'Echoes, Silence, Patience & Grace' / 'One by One'Foo Fighters
36.9%
'Damn the Torpedoes' / 'Hard Promises' / 'Southern Accents' / 'Long After Dark' / 'Mojo'Tom Petty and the Heartbreakers
22.9%
'Wish' / 'Disintegration' / 'Kiss Me, Kiss Me, Kiss Me' / 'Pornography' / 'Wild Mood Swings'The Cure
22.3%

You're not logged in!

Compare scores with friends on all Sporcle quizzes.
Join for Free
OR
Log In

You Might Also Like...

Show Comments

Extras

Top Quizzes Today


Score Distribution

Your Account Isn't Verified!

In order to create a playlist on Sporcle, you need to verify the email address you used during registration. Go to your Sporcle Settings to finish the process.

Report this User

Report this user for behavior that violates our Community Guidelines.

Details: